000
00211nam a22000857a 4500
008
170626b xxu||||| |||| 00| 0 eng d
100
_9
3681
_a
Koshy. S
245
_a
Computers made friendly X
260
_a
New Delhi
_c
2009
999
_c
7096
_d
7096